Southville International School and Colleges
Your cart is empty.
  • Cart
  • Lists
    Public lists Eva Luna New books Lux_list list_1
    Your lists Log in to create your own lists
  • Log in to your account
  • Your cookies
  • Search history
Southville International School and Colleges
  • Advanced search
  • Recent comments
  • Most popular
  • Libraries

Log in to your account

Log in with GOOGLE


If you do not have an external account, but do have a local account, you can still log in:

  1. Home
  2. MARC view: Lecture notes in environmental science :
Normal view MARC view ISBD view

Lecture notes in environmental science : (Record no. 354664)

[ view plain ]
MARC details
000 -LEADER
fixed length control field 00466nam a2200157Ia 4500
003 - CONTROL NUMBER IDENTIFIER
control field SISC
005 - DATE AND TIME OF LATEST TRANSACTION
control field 20181008122256.0
008 - FIXED-LENGTH DATA ELEMENTS--GENERAL INFORMATION
fixed length control field 180205s9999 xx 000 0 und d
020 ## - INTERNATIONAL STANDARD BOOK NUMBER
International Standard Book Number 9789715847179
050 ## - LIBRARY OF CONGRESS CALL NUMBER
Classification number GE 105
Item number .L51 2008
100 ## - MAIN ENTRY--PERSONAL NAME
Personal name Lee, Serjio J.
245 ## - TITLE STATEMENT
Statement of responsibility, etc Añes, Myrna L.
Title Lecture notes in environmental science :
Remainder of title the economy of nature and ecology of man /
260 ## - PUBLICATION, DISTRIBUTION, ETC. (IMPRINT)
Name of publisher, distributor, etc C&E publishing, Inc.
Date of publication, distribution, etc 2008
300 ## - PHYSICAL DESCRIPTION
Extent ix, 248 pages
942 ## - ADDED ENTRY ELEMENTS (KOHA)
Source of classification or shelving scheme Library of Congress Classification
Koha item type Books
Holdings
Withdrawn status Lost status Source of classification or shelving scheme Damaged status Home library Current library Shelving location Date acquired Source of acquisition Total Checkouts Full call number Barcode Date last seen Price effective from Koha item type
    Library of Congress Classification   College Library College Library Filipiniana Section 02/05/2018 Library Fund   GE 105 .L51 2008 C10735 05/08/2018 02/05/2018 Books

Lecture notes in environmental science :

APA

Lee S. J., . (2008). Lecture notes in environmental science. : C&E publishing, Inc.

Chicago

Lee Serjio J, . 2008. Lecture notes in environmental science. : C&E publishing, Inc.

Harvard

Lee S. J., . (2008). Lecture notes in environmental science. : C&E publishing, Inc.

MLA

Lee Serjio J, . Lecture notes in environmental science. : C&E publishing, Inc. 2008.

  • Place hold
  • Print
  • Cite
  • Add to your cart (remove)
  • Save record
    BIBTEX Dublin Core MARCXML MARC (non-Unicode/MARC-8) MARC (Unicode/UTF-8) MARC (Unicode/UTF-8, Standard) MODS (XML) RIS
  • More searches
    Search for this title in:
    Other Libraries (WorldCat) Other Databases (Google Scholar) Online Stores (Bookfinder.com) Open Library (openlibrary.org)

Exporting to Dublin Core...

SOUTHVILLE LIBRARY

Southville International School and Colleges Library

1281 Tropical Ave. Cor. Luxembourg St., BF Homes International, Las Pinas City

Tel. No. 8256374 / 252358 Loc. 117/146

Powered by Koha